| 000 | 00637nam a2200133Ia 4500 | ||
|---|---|---|---|
| 008 | 160809s9999 xx 000 0 und d | ||
| 100 | _aAltamini, Ahmed A. | ||
| 245 | _aSPECIAL EDUCATION IN SAUDI ARABIA: A SYNTHESIS OF LITERATURE WRITTEN IN ENGLISH | ||
| 245 | _cAhmed A. Altamimi, King Saud University Lay Wah Lee Universiti Sains Malaysia Al-sayed A. Sayed-Ahmed Mostafa M. Kassem King Saud University. | ||
| 260 | _bInternational Journal of Special Education | ||
| 260 | _c2015 | ||
| 650 | _xSPECIAL EDUCATION | ||
| 856 | _uhttp://www.internationaljournalofspecialed.com/docs/IJSE%20Entire%20Issue%202015%20Vol%2030%20Issue%203.pdf | ||
| 999 |
_c300236 _d300236 |
||